<?xml version="1.0" encoding="UTF-8"?>
<collection xmlns:xsi="http://www.w3.org/2001/XMLSchema-instance" xsi:schemaLocation="http://www.loc.gov/MARC21/slim http://www.loc.gov/standards/marcxml/schema/MARC21slim.xsd" xmlns="http://www.loc.gov/MARC21/slim">
 <record>
  <leader>00000ctm a22000003a 4500</leader>
  <controlfield tag="001">UP-8027390931316262524</controlfield>
  <controlfield tag="003">Buklod</controlfield>
  <controlfield tag="005">20160913142700.0</controlfield>
  <controlfield tag="006">a     r    |||| u|</controlfield>
  <controlfield tag="007">ta</controlfield>
  <controlfield tag="008">160913s        xx     d     r    |||| u|</controlfield>
  <datafield tag="035" ind1=" " ind2=" ">
   <subfield code="a">(iLib)UPMIN-00008865251</subfield>
  </datafield>
  <datafield tag="040" ind1=" " ind2=" ">
   <subfield code="a">upmin</subfield>
  </datafield>
  <datafield tag="041" ind1=" " ind2=" ">
   <subfield code="a">eng</subfield>
  </datafield>
  <datafield tag="090" ind1=" " ind2="0">
   <subfield code="a">LG 993.2 2011 M21</subfield>
   <subfield code="b">M33</subfield>
  </datafield>
  <datafield tag="100" ind1="1" ind2=" ">
   <subfield code="a">Madrazo, Natividad Dulce D.</subfield>
   <subfield code="e">author.</subfield>
  </datafield>
  <datafield tag="245" ind1="0" ind2="0">
   <subfield code="a">Valencia School of Sciences</subfield>
   <subfield code="c">Natividad Dulce D. Madrazo ; Larry N. Digal, Sylvia B. Concepcion, advisers.</subfield>
  </datafield>
  <datafield tag="264" ind1=" " ind2="1">
   <subfield code="a">Davao City</subfield>
   <subfield code="b">School of Management, University of the Philippines Mindanao</subfield>
   <subfield code="c">c2011.</subfield>
  </datafield>
  <datafield tag="300" ind1=" " ind2=" ">
   <subfield code="a">x, 52 leaves</subfield>
  </datafield>
  <datafield tag="500" ind1=" " ind2=" ">
   <subfield code="a">Thesis (Master in Management)--University of the Philippines Mindanao, December 2011.</subfield>
  </datafield>
  <datafield tag="520" ind1=" " ind2=" ">
   <subfield code="a">Valencia School of Sciences is in its 36th year of operations and in 2010, it experienced its first net loss. The school's main course program, that is, nursing has had declining student population for the past years. Other courses like radiologic technology and physical therapy have increases in enrollment however these are not sufficient to fill in the vacuum caused by nursing. This paper uses the framework of analysis from the Strategic Planning Model suggested by Professor Miguel D. Soledad in his lecture in the Fundamentals of Strategic Management. It is a challenge to raise the enrollment of existing course programs since the latter are likewise offered in other schools in Davao City. VSS has several areas to improve on like the level of skills of the present teachers, the school?s image among students and parents, the marketing strategies being employed to attract high school graduating students, others. The External Factor Evaluation (EFE) Matrix indicates the school's inability to respond to the opportunities and threats posted by the external environment. The Internal Factor Evaluation (IFE) Matrix likewise reveals an internally weak organization. The SWOT Matrix and Quantitative Strategic Planning Matrix (QSPM) show that strategic on an intensive marketing campaign will generate the increase in student population. However these marketing efforts will be effective only when it has the support of the other functional areas.</subfield>
  </datafield>
  <datafield tag="658" ind1=" " ind2=" ">
   <subfield code="a">Policy and Strategic Planning</subfield>
   <subfield code="c">M241.</subfield>
  </datafield>
  <datafield tag="700" ind1="1" ind2=" ">
   <subfield code="a">Digal, Larry N.</subfield>
   <subfield code="e">adviser.</subfield>
  </datafield>
  <datafield tag="700" ind1="1" ind2=" ">
   <subfield code="a">Concepcion, Sylvia B.</subfield>
   <subfield code="e">adviser.</subfield>
  </datafield>
  <datafield tag="905" ind1=" " ind2=" ">
   <subfield code="a">FI</subfield>
  </datafield>
  <datafield tag="905" ind1=" " ind2=" ">
   <subfield code="a">UP</subfield>
  </datafield>
  <datafield tag="852" ind1="0" ind2=" ">
   <subfield code="a">UPMIN</subfield>
   <subfield code="b">UPMIN-MAIN</subfield>
   <subfield code="h">LG 993.2 2011 M21</subfield>
   <subfield code="i">M33</subfield>
  </datafield>
  <datafield tag="942" ind1=" " ind2=" ">
   <subfield code="a">Thesis</subfield>
  </datafield>
 </record>
</collection>
